Normal view
MARC view
- Robinson ,Barbara
Entry Personal Name
001 - CONTROL NUMBER
- control field: 112001
003 - CONTROL NUMBER IDENTIFIER
- control field: NUST
005 - DATE AND TIME OF LATEST TRANSACTION
- control field: 20230428150001.0
008 - FIXED-LENGTH DATA ELEMENTS
- fixed length control field: 230428|| aca||aabn | a|a d
040 ## - CATALOGING SOURCE
- Original cataloging agency: NUST
- Transcribing agency: NUST
100 ## - HEADING--PERSONAL NAME
- Personal name: Robinson ,Barbara
670 ## - SOURCE DATA FOUND
- Source citation: Work cat.: (NUST): Robinson ,Barbara , ONE OFF :, 1988.
